Представление документа в формате RUSMARC

ПолеНазваниеЗначение
  Тип записи c
  Библиографический уровень m
001 Контрольный номер RU/УОНБ/EK_N/322859195
005 Дата корректировки 20250520122850.5
010 Индекс ISBN __
9 Тираж 20000 экз.
013 Номер (ISMN) __
d Цена 1 р. 10 к.
071 Издательские номер (звукозапись и ноты) 21
a Номер, присвоенный агентством 10505
100 Данные общей обработки __
a Данные общей обработки 19910216d1984 u y0rusy0103||||ca
101 Язык документа 0_
a Язык текста rus
f Язык титульного листа rus
102 Страна публикации __
a Страна публикации RU
125 Кодированные данные звукозаписи и нотных изданий __
a Форма изложения нотного текста с|
128 Кодированные данные (звукозаписи-физические характеристики) __
a Кодированные данные: Музыкальная форма и тональность или лад zz
c Инструменты или голоса, рекомендуемые для солистов (устаревшее) kt||
200 Заглавие и сведения об ответственности 1_
a Заглавие Хрестоматия аккордеониста
b Общее обозначение материала [Ноты]
f Первые сведения об ответственности сост. и исполн. ред. Ю. Акимова и А. Талакина
205 Сведения об издании __
a Основные сведения об издании 3-е изд.
210 Выходные данные 1_
a Место издания Москва
c Издательство Музыка
d Дата издания 1984
215 Физическое описание __
a Объем 79 с.
d Формат 29 см
225 Серия 1_
a Серия Педагогический репертуар
e Сведения, относящиеся к заглавию серии ДМШ
e Сведения, относящиеся к заглавию серии 3-4 кл.
327 Примечание о содержании 11
a Примечание о содержании Содерж. : У ворот, ворот ; Как у месяца ; Вниз по ельничку ; Посею лебеду на берегу ; Помнишь ли меня, мой свет? ; Полоса ль моя, полосынька : рус. нар. песни. - Вечер настал : азербайджанская нар. песня. - Ой, возле сада реченька : белорус. нар. песня. - Лезгинка : груз. нар. танец. - Когда пробуждаешься ты : итал. нар. песня. - Лирическая : слов. нар. песня. - Шуман Р. Солдатский марш ; Смелый наездник. - Гендель Г. Сарабанда. - Шопен Ф. Прелюдия. - Верди Д. Марш из оперы "Аида". - Григ Э. Вальс. - Вебер К. Сонатина. - Бах И. С. Песня ; Менуэт. - Бетховен Л. Менуэт. - Шуберт Ф. Музыкальный момент. - Берлиоз Г. Марш ракоци. - Гайдн Й. Пьеса. - Глюк К. Мелодия из оперы "Орфей". - Моцарт В. Сонатина № 1 (1 ч.). - Глинка М. Прощальный вальс. - Калинников Виктор. Колыбельная. - Рубинштейн А. Мелодия. - Балакирев М. Полька. - Римский-Корсаков Н. Колыбельная из оперы "Садко". - Даргомыжский А. Казачок. - Чайковский П. Марш деревянных солдатиков ; Полька. - Лядов А. Прелюдия. - Голубев Е. Колыбельная. - Прокофьев С. Песня без слов. - Холминов А. Песня. - Майкапар С. Вальс. - Раков Н. Раздумье. - Лондонов П. Песня. - Хачатурян А. Подражание народному ; Танец розовых девушек из балета "Гаянэ". - Шостакович Д. Романс : из кф. "Овод". - Этюды : Лемуан А., Грачев В., Горлов Н., Беренс Г., Черни К., Скарлатти А., Денисов А., Бертини А., Дювернуа Ж., Геллер М. - Лондонов П. Этюд-припевка.
464 Аналитический уровень _0
1 2001
a У ворот, ворот
e рус. нар. песня
464 Аналитический уровень _0
1 2001
a Вечер настал
e азерб. нар. песня
464 Аналитический уровень _0
1 2001
a Ой, возле сада реченька
e белорус. нар. песня
464 Аналитический уровень _0
1 2001
a Лезгинка
e груз. нар. танец
464 Аналитический уровень _0
1 2001
a Когда пробуждаешься ты
e итал. нар. песня
464 Аналитический уровень _0
1 2001
a Лирическая
e слов. нар. песня
464 Аналитический уровень _0
1 2001
a Солдатский марш
1 700 1
a Шуман
b Р.
464 Аналитический уровень _0
1 2001
a Сарабанда
1 700 1
a Гендель
b Г.
464 Аналитический уровень _0
1 2001
a Прелюдия
1 700 1
a Шопен
b Ф.
464 Аналитический уровень _0
1 2001
a Марш из оперы "Аида"
1 700 1
a Верди
b Дж.
1 50010
a Аида
464 Аналитический уровень _0
1 2001
a Вальс
1 700 1
a Григ
b Э.
464 Аналитический уровень _0
1 2001
a Сонатина
1 700 1
a Вебер
b К.
464 Аналитический уровень _0
1 2001
a Песня
1 700 1
a Бах
b И. С.
464 Аналитический уровень _0
1 2001
a Менуэт
1 700 1
a Бетховен
b Л.
464 Аналитический уровень _0
1 2001
a Музыкальный момент
1 700 1
a Шуберт
b Ф.
464 Аналитический уровень _0
1 2001
a Марш ракоци
1 700 1
a Берлиоз
b Г.
464 Аналитический уровень _0
1 2001
a Пьеса
1 700 1
a Гайдн
b Й.
464 Аналитический уровень _0
1 2001
a Мелодия из оперы "Орфей"
1 700 1
a Глюк
b К.
1 50010
a Орфей
464 Аналитический уровень _0
1 2001
a Сонатина № 1
e 1 ч.
1 700 1
a Моцарт
b В.
464 Аналитический уровень _0
1 2001
a Прощальный вальс
1 700 1
a Глинка
b М.
464 Аналитический уровень _0
1 2001
a Колыбельная
1 700 1
a Калинников
b В.
464 Аналитический уровень _0
1 2001
a Мелодия
1 700 1
a Рубинштейн
b А.
464 Аналитический уровень _0
1 2001
a Полька
1 700 1
a Балакирев
b М.
464 Аналитический уровень _0
1 2001
a Колыбельная из оперы "Садко"
1 700 1
a Римский-Корсаков
b Н.
1 50010
a Садко
464 Аналитический уровень _0
1 2001
a Казачок
1 700 1
a Даргомыжский
b А.
464 Аналитический уровень _0
1 2001
a Марш деревянных солдатиков
1 700 1
a Чайковский
b П.
464 Аналитический уровень _0
1 2001
a Прелюдия
1 700 1
a Лядов
b А.
464 Аналитический уровень _0
1 2001
a Колыбельная
1 700 1
a Голубев
b Е.
464 Аналитический уровень _0
1 2001
a Песня без слов
1 700 1
a Прокофьев
b С.
464 Аналитический уровень _0
1 2001
a Песня
1 700 1
a Холминов
b А.
464 Аналитический уровень _0
1 2001
a Вальс
1 700 1
a Майкапар
b С.
464 Аналитический уровень _0
1 2001
a Раздумье
1 700 1
a Раков
b Н.
464 Аналитический уровень _0
1 2001
a Песня
1 700 1
a Лондонов
b П.
464 Аналитический уровень _0
1 2001
a Подражание народному
1 700 1
a Хачатурян
b А.
464 Аналитический уровень _0
1 2001
a Романс
e из кф. "Овод"
1 700 1
a Шостакович
b Д.
1 50010
a Овод
464 Аналитический уровень _0
1 2001
a Этюд
1 700 1
a Лемуан
b А.
464 Аналитический уровень _0
1 2001
a Этюд-припевка
1 700 1
a Лондонов
b П.
464 Аналитический уровень _0
1 2001
a Смелый наездник
1 700 1
a Шуман
b Р.
464 Аналитический уровень _0
1 2001
a Менуэт
1 700 1
a Бах
b И. С.
464 Аналитический уровень _0
1 2001
a Полька
1 700 1
a Чайковский
b П.
464 Аналитический уровень _0
1 2001
a Как у месяца
e рус. нар. песня
464 Аналитический уровень _0
1 2001
a Вниз по ельничку
e рус. нар. песня
464 Аналитический уровень _0
1 2001
a Посею лебеду на берегу
e рус. нар. песня
464 Аналитический уровень _0
1 2001
a Помнишь ли меня, мой свет?
e рус. нар. песня
464 Аналитический уровень _0
1 2001
a Полоса ль моя, полосынька
e рус. нар. песня
464 Аналитический уровень _0
1 2001
a Танец розовых девушек из балета "Гаянэ"
1 700 1
a Хачатурян
b А.
1 50010
a Гаянэ
464 Аналитический уровень _0
1 2001
a Этюд
1 700 1
a Грачев
b В.
464 Аналитический уровень _0
1 2001
a Этюд
1 700 1
a Горлов
b Н.
464 Аналитический уровень _0
1 2001
a Этюд
1 700 1
a Беренс
b Г.
464 Аналитический уровень _0
1 2001
a Этюд
1 700 1
a Черни
b К.
464 Аналитический уровень _0
1 2001
a Этюд
1 700 1
a Денисов
b А.
464 Аналитический уровень _0
1 2001
a Этюд
1 700 1
a Бертини
b А.
464 Аналитический уровень _0
1 2001
a Этюд
1 700 1
a Дювернуа
b Ж.
464 Аналитический уровень _0
1 2001
a Этюд
1 700 1
a Геллер
b М.
512 Заглавие обложки 1_
a Заглавие обложки Хрестоматия аккордеониста
606 Тематические рубрики 0_
a Основная рубрика Аккордеон в музыкальной школе
j Формальный подзаголовок Хрестоматии
610 Ключевые слова 0_
a Ключевые слова аккордеон
610 Ключевые слова 0_
a Ключевые слова хрестоматии
686 Индексы других классификаций __
a Классификационный индекс 85.954.793
2 Код системы rubbk
702 Вторичная интеллектуальная ответственность _1
a Фамилия Акимов
b Имя (инициалы) Ю.
4 Код отношения 220
702 Вторичная интеллектуальная ответственность _1
a Фамилия Талакин
b Имя (инициалы) А.
4 Код отношения 220
801 Источник записи _0
a Страна RU
b Организация Ульяновская государственная областная научная библиотека им.В.И.Ленина
c Дата составления 20121204
g Правила каталогизации PSBO
801 Источник записи _1
a Страна RU
b Организация Ульяновская государственная областная научная библиотека им.В.И.Ленина
c Дата составления 20121204
901 Тип документа __
t Тип документа m
909 Создатель записи __
a Создатель записи Никитина Т. А.
938 Служебная информация __
a Имя БД noti
b Имя библиотеки УОНБ
c Имя АИБС МАРК-SQL
d Номер DOC_ID в БД 917